Global Latinas : Latin America's emerging multinationals /

Bibliographic Details
Main Author: Casanova, Lourdes
Format: Book
Language:English
Published: Houndmills, Basingstoke ; New York, NY : Palgrave Macmillan, 2009.
Series:INSEAD business press.
Subjects:

MARC

Tag First Indicator Second Indicator Subfields
LEADER 00000cam a22000008a 4500
001 in00002465813
005 20151110114707.0
008 090407s2009 enk b 001 0 eng
010 |a  2009014080 
015 |a GBA898271  |2 bnb 
016 7 |a 014691214  |2 Uk 
020 |a 9780230219960 (alk. paper) 
020 |a 0230219969 (alk. paper) 
029 1 |a BWK  |b L4812619 
029 1 |a NLGGC  |b 317615203 
029 1 |a CDX  |b 8436844 
029 1 |a AU@  |b 000044025594 
035 |a (OCoLC)ocn237885686 
035 |a (OCoLC)237885686 
040 |a DLC  |c DLC  |d UKM  |d BTCTA  |d BAKER  |d YDXCP  |d BWKUK  |d BWK  |d CDX  |d OCLCQ  |d UtOrBLW 
043 |a cl----- 
049 |a TXAM 
050 0 0 |a HD2810.5  |b .C375 2009 
082 0 0 |a 338.8/898  |2 22 
082 0 4 |a 338.8888  |2 22 
100 1 |a Casanova, Lourdes. 
245 1 0 |a Global Latinas :  |b Latin America's emerging multinationals /  |c Lourdes Casanova. 
263 |a 0905 
264 1 |a Houndmills, Basingstoke ;  |a New York, NY :  |b Palgrave Macmillan,  |c 2009. 
300 |a xiv, 221 pages :  |b illustrations ;  |c 24 cm. 
336 |a text  |b txt  |2 rdacontent 
337 |a unmediated  |b n  |2 rdamedia 
338 |a volume  |b nc  |2 rdacarrier 
490 1 |a INSEAD Business Press series 
504 |a Includes bibliographical references and index. 
505 0 |a Leaders of global Latinas - long-term planners and flexible visionaries -- Brazil's 'national champions' - beyond privatization -- Mexico's global Latinas - betting on the US? -- Business model innovation in Latin America - making the unusual usual -- Latin America as a brand - hard sell and soft sell -- Asia's challenge to Latin America - cooperation and competition -- From global Latina to corporate citizen - is inequality a business issue? 
650 0 |a International business enterprises  |z Latin America. 
651 0 |a Latin America  |x Commerce. 
830 0 |a INSEAD business press. 
938 |a Baker and Taylor  |b BTCP  |n BK0007894303 
938 |a Baker & Taylor  |b BKTY  |c 45.00  |d 45.00  |i 0230219969  |n 0007894303  |s active 
938 |a YBP Library Services  |b YANK  |n 100505580 
938 |a Blackwell Book Service UK  |b BBUK  |n L4812619  |c 25.00 
938 |a Coutts Information Services  |b COUT  |n 8436844 
945 |a PromptCat  |b 708865 
946 |a west,stk 
947 |a A14840096763 
994 |a 92  |b TXA 
948 |a cataloged  |b h  |d 2009/5/28  |h c  |e asalazar  |f 1:30:45 pm 
999 |a MARS 
999 f f |s a35afd5d-e0a3-39d7-82c7-3b9de2c34132  |i f1d1fbc0-30cc-397d-9d84-d08a5d15359d  |t 0 
952 f f |p ric  |a Texas A&M University  |b Rellis Campus  |c Joint Library Facility  |d Remote Storage  |t 0  |e HD2810.5 .C375 2009  |h Library of Congress classification  |i unmediated -- volume  |m A14840096763 
998 f f |a HD2810.5 .C375 2009  |t 0  |l Remote Storage